<?xml version="1.0" encoding="UTF-8"?>
<record
    xmlns:xsi="http://www.w3.org/2001/XMLSchema-instance"
    xsi:schemaLocation="http://www.loc.gov/MARC21/slim http://www.loc.gov/standards/marcxml/schema/MARC21slim.xsd"
    xmlns="http://www.loc.gov/MARC21/slim">

  <leader>03983nam a2200337 a 4500</leader>
  <controlfield tag="003">CHAP</controlfield>
  <controlfield tag="005">20250630134158.0</controlfield>
  <controlfield tag="007">ta</controlfield>
  <controlfield tag="008">190523s2020    mx abdofr|    ||1|||spa d</controlfield>
  <datafield tag="040" ind1=" " ind2=" ">
    <subfield code="a">mxchpua</subfield>
    <subfield code="c">CHAP</subfield>
  </datafield>
  <datafield tag="041" ind1=" " ind2=" ">
    <subfield code="a">spa</subfield>
    <subfield code="b">spa</subfield>
    <subfield code="f">spa</subfield>
    <subfield code="h">spa</subfield>
  </datafield>
  <datafield tag="050" ind1="1" ind2="0">
    <subfield code="a">C HD9014.M63</subfield>
    <subfield code="b">.P36 2020</subfield>
  </datafield>
  <datafield tag="082" ind1="0" ind2="0">
    <subfield code="a">C 630.972</subfield>
    <subfield code="b">P36 2020</subfield>
    <subfield code="2">20</subfield>
  </datafield>
  <datafield tag="110" ind1="1" ind2=" ">
    <subfield code="9">162096</subfield>
    <subfield code="a">Servicio de Informaci&#xF3;n Agroalimentaria y Pesquera (SIAP)</subfield>
  </datafield>
  <datafield tag="245" ind1="1" ind2="0">
    <subfield code="a">Panorama agroalimentario 2020 / </subfield>
    <subfield code="c">Servicio de Informaci&#xF3;n Agroalimentaria y Pesquera</subfield>
  </datafield>
  <datafield tag="250" ind1=" " ind2=" ">
    <subfield code="a">1a edici&#xF3;n</subfield>
  </datafield>
  <datafield tag="264" ind1=" " ind2=" ">
    <subfield code="a">M&#xE9;xico :</subfield>
    <subfield code="b">SADER. Servicio de Informaci&#xF3;n Agroalimentaria y Pesquera,</subfield>
    <subfield code="c">2020</subfield>
  </datafield>
  <datafield tag="300" ind1=" " ind2=" ">
    <subfield code="a">196 p&#xE1;ginas :</subfield>
    <subfield code="b">ilustraciones, gr&#xE1;ficas, mapas y fotos</subfield>
  </datafield>
  <datafield tag="336" ind1=" " ind2=" ">
    <subfield code="2">rdacontent</subfield>
    <subfield code="a">texto</subfield>
    <subfield code="b">txt</subfield>
  </datafield>
  <datafield tag="337" ind1=" " ind2=" ">
    <subfield code="2">rdamedia</subfield>
    <subfield code="a">sinmedia</subfield>
    <subfield code="b">n</subfield>
  </datafield>
  <datafield tag="338" ind1=" " ind2=" ">
    <subfield code="2">rdacarrier</subfield>
    <subfield code="a">volumen</subfield>
    <subfield code="b">nc</subfield>
  </datafield>
  <datafield tag="505" ind1="0" ind2=" ">
    <subfield code="a">Presentaci&#xF3;n --
Servicio de Informaci&#xF3;n Agroalimentaria y Pesquera (SIAP):  Informaci&#xF3;n que alimenta --
M&#xE9;xico : sector agroalimentario en cifras --
&#xBF;Quienes generan la producci&#xF3;n agropecuaria y pesquera en M&#xE9;xico? --
Productos agroalimentarios mexicanos: presencia en los mercados internacionales --
Sector exportador agroalimentario de M&#xE9;xico --
Estaci&#xF3;n de Recepci&#xF3;n M&#xE9;xico (ERMEX): monitoreo permanente del territorio --
Sistemas a&#xE9;reos no tripulados: innovaci&#xF3;n tecnol&#xF3;gica --
La frontera agr&#xED;cola: lugar donde se siembra el bienestar --
Estimaci&#xF3;n de superficie agr&#xED;cola: n&#xED;vel de an&#xE1;lisis de las siembras --
Vulnerabilidad en &#xE1;reas agr&#xED;colas: disponibilidad de agua en presas --
Infraestructura agroalimentaria: la capacidad operativa del sector --
Regiones agroalimentarias de M&#xE9;xico --
Calendario agr&#xED;cola 2020 --
SUBSECTOR AGR&#xCD;COLA --
SECTOR PECUARIO --
SECTOR PESQUERO --
Productos y fracciones arancelarias</subfield>
  </datafield>
  <datafield tag="520" ind1="2" ind2=" ">
    <subfield code="a">Despu&#xE9;s de un a&#xF1;o de arduo trabajo y mucho esfuerzo, el jueves 26 de noviembre se lanz&#xF3; oficialmente la publicaci&#xF3;n del Panorama Agroalimentario 2020, el cual es fruto del trabajo de los especialistas del Servicio de Informaci&#xF3;n Agroalimentaria y Pesquera.

Liderando este gran equipo de trabajo, la Lic. Patricia Ornelas Ruiz, di&#xF3; a conocer las principales caracter&#xED;sticas de esta publicaci&#xF3;n, con un emotivo discurso en el que enalteci&#xF3; el trabajo de los productores de todo el sector primario, ya que gracias a su esfuerzo y dedicaci&#xF3;n, se ha mantenido la producci&#xF3;n constante de alimentos aun en tiempos dif&#xED;ciles debido a la pandemia por COVID. Adem&#xE1;s afirm&#xF3; que el &#x201C;El campo mexicano es motivo de orgullo por su grandeza y la excelencia de sus productores&#x201D;.

Por otro lado, el Secretario de la SADER, el Dr. Victor Manuel Villalobos Ar&#xE1;mbula, brind&#xF3; tambi&#xE9;n un breve discurso relativo al campo y como este no se ha detenido a pesar de las adversidades, y al contrario, este seguir&#xE1; creciendo hasta alcanzar la autosuficiencia alimentaria.

En este evento se cont&#xF3; tambi&#xE9;n con la participaci&#xF3;n de invitados de gran importancia internacional, tales como la doctora Lina Pohl, representante de la FAO en M&#xE9;xico, quien hizo hincapi&#xE9; en que el Panorama Agroalimentario 2020 es una herramienta vital para los organismos internacionales, para los tomadores de decisiones, para los productores y para la academia. Invit&#xF3; al p&#xFA;blico en general a utilizar y a divulgar esta informaci&#xF3;n, la cual incrementa su valor cuando es utilizada y compartida en diversos &#xE1;mbitos.

Si deseas consultar esta publicaci&#xF3;n, recuerda que se encuentra disponible en la p&#xE1;gina del SIAP, en el apartado de Panorama Agroalimentario 2020.</subfield>
  </datafield>
  <datafield tag="650" ind1="1" ind2="3">
    <subfield code="a">Alimentos</subfield>
    <subfield code="x">Estad&#xED;sticas</subfield>
    <subfield code="z">M&#xE9;xico</subfield>
    <subfield code="9">135721</subfield>
  </datafield>
  <datafield tag="650" ind1="1" ind2="3">
    <subfield code="a">Foods  </subfield>
    <subfield code="x">Statistics</subfield>
    <subfield code="z">Mexico</subfield>
    <subfield code="9">156172</subfield>
  </datafield>
  <datafield tag="651" ind1="1" ind2="3">
    <subfield code="9">160652</subfield>
    <subfield code="a">M&#xE9;xico</subfield>
    <subfield code="x">Agricultura</subfield>
    <subfield code="x">Estad&#xED;sticas</subfield>
  </datafield>
  <datafield tag="651" ind1="1" ind2="3">
    <subfield code="9">186478</subfield>
    <subfield code="a">Mexico</subfield>
    <subfield code="x">Agriculture</subfield>
    <subfield code="x">Statistics</subfield>
  </datafield>
  <datafield tag="710" ind1="1" ind2=" ">
    <subfield code="a">Secretar&#xED;a de Agricultura y Desarrollo Rural (SADER)</subfield>
    <subfield code="9">186552</subfield>
    <subfield code="b">Servicio de Informaci&#xF3;n Agroalimentaria y Pesquera (SIAP)</subfield>
  </datafield>
  <datafield tag="901" ind1=" " ind2=" ">
    <subfield code="a">C 630.972 P36 2020</subfield>
  </datafield>
  <datafield tag="942" ind1=" " ind2=" ">
    <subfield code="c">LIBRO</subfield>
    <subfield code="2">ddc</subfield>
  </datafield>
  <datafield tag="999" ind1=" " ind2=" ">
    <subfield code="c">218583</subfield>
    <subfield code="d">218583</subfield>
  </datafield>
  <datafield tag="952" ind1=" " ind2=" ">
    <subfield code="0">0</subfield>
    <subfield code="1">0</subfield>
    <subfield code="2">ddc</subfield>
    <subfield code="4">0</subfield>
    <subfield code="5">1</subfield>
    <subfield code="7">0</subfield>
    <subfield code="8">C</subfield>
    <subfield code="a">IA_</subfield>
    <subfield code="b">IA_</subfield>
    <subfield code="d">2021-04-05</subfield>
    <subfield code="e">Donaci&#xF3;n</subfield>
    <subfield code="i">Donaci&#xF3;n</subfield>
    <subfield code="l">0</subfield>
    <subfield code="o">C 630.972 P36 2020</subfield>
    <subfield code="p">1103014564</subfield>
    <subfield code="r">2023-03-28 00:00:00</subfield>
    <subfield code="t">Ej. 1</subfield>
    <subfield code="w">2023-03-28</subfield>
    <subfield code="y">LIBRO</subfield>
  </datafield>
  <datafield tag="952" ind1=" " ind2=" ">
    <subfield code="0">0</subfield>
    <subfield code="1">0</subfield>
    <subfield code="2">ddc</subfield>
    <subfield code="4">0</subfield>
    <subfield code="5">1</subfield>
    <subfield code="7">0</subfield>
    <subfield code="8">C</subfield>
    <subfield code="a">BC</subfield>
    <subfield code="b">BC</subfield>
    <subfield code="c">PA_CONSULTA</subfield>
    <subfield code="d">2024-01-12</subfield>
    <subfield code="l">0</subfield>
    <subfield code="o">630.972 P19 2020</subfield>
    <subfield code="p">33724002582001</subfield>
    <subfield code="r">2024-01-12 00:00:00</subfield>
    <subfield code="w">2024-01-12</subfield>
    <subfield code="y">LIBRO</subfield>
  </datafield>
  <datafield tag="952" ind1=" " ind2=" ">
    <subfield code="0">0</subfield>
    <subfield code="1">0</subfield>
    <subfield code="2">ddc</subfield>
    <subfield code="4">0</subfield>
    <subfield code="5">5</subfield>
    <subfield code="7">0</subfield>
    <subfield code="8">C</subfield>
    <subfield code="a">IA_</subfield>
    <subfield code="b">IA_</subfield>
    <subfield code="d">2025-06-24</subfield>
    <subfield code="e">Donaci&#xF3;n</subfield>
    <subfield code="i">Donaci&#xF3;n</subfield>
    <subfield code="l">0</subfield>
    <subfield code="o">C 630.972 P36 2020</subfield>
    <subfield code="p">1103002789</subfield>
    <subfield code="r">2025-06-30 14:37:45</subfield>
    <subfield code="t">Ej. 2</subfield>
    <subfield code="w">2025-06-30</subfield>
    <subfield code="y">LIBRO</subfield>
  </datafield>
</record>
